000 00570pab a2200181 454500
008 180718b1997 xxu||||| |||| 00| 0 eng d
100 _aPreston, Noel
245 _aInstitutionalising ethics in the Queensland public sector: discussion of research into ethics education for public officials
260 _c1997
300 _ap.1317-340
362 _aJul
650 _aGovernment business enterprises - India
650 _aPublic sector
650 _aEthics
650 _aCivil service
773 _aInternational Journal of Public Administration
909 _a34581
999 _c34581
_d34581